| 000 | 00481nam a2200181 4500 | ||
|---|---|---|---|
| 005 | 20260109161545.0 | ||
| 008 | 260109b |||||||| |||| 00| 0 eng d | ||
| 020 | _a978-1-76063-072-0 | ||
| 041 | _aEnglish | ||
| 082 |
_aX 823 KIS _bB12161 |
||
| 100 |
_aKishimi, Ichiro _9216301 |
||
| 110 |
_aKoga, Fumitake _9216302 |
||
| 245 | _aThe Courage to be Disliked | ||
| 260 |
_aLondon _bAllen and Unwin _c2018 |
||
| 300 |
_axvi,272p. _bHB |
||
| 365 |
_aRupaye _b338 _cINR |
||
| 942 | _cBK | ||
| 999 |
_c369845 _d369845 |
||